00401nam a22001337a 450000500170000000800410001704100130005808200160007110000130008724501060010026000090020630000270021565000250024220231129131246.0231129b |||||||| |||| 00| 0 eng d aEnglish  a340.06 ACT  lEnglish  aAct No.20 of 1916. Date of Commencement, 30th May, 1916 : bThe Law Society of the Cape of Good Hope  c1916 b75 pages ; c22,5 cm.  aLegal practice bLaw